01000cam a2200277 a 4500001000500000005001700005008004100022020001500063040002300078050002400101082001200125100002400137245009000161260003500251300004000286490003000326500002900356505000800385520018500393521002000578521002000598650002600618650002000644650002600664700003200690146120230825120821.0000327s2000 nyua b 000 1 eng  a0439296994 aDLCcDLCdDLCbeng00aPZ7.O81167bRe 200000aFic2211 aOsborne, Mary Pope.10aRevolutionary War on Wednesday /cby Mary Pope Osborne ; illustrated by Sal Murdocca. aNew York :bScholastic c2000. a69 pages :billustrations ;c20 cm 1 aMagic tree housevBook 22 a"A Stepping stone book." aI  aUsing their magic tree house, Jack and Annie travel back to the time of the American Revolution and help General George Washington during his famous crossing of the Delaware River. a450 bLexile  aI bRaz-Plus  1aTime travelvFiction. 1aMagicvFiction. 1aTree housesvFiction.1 aMurdocca, Saleillustrator